Countries with Acceptable Abbreviations - Statistics

General Stats
  • This quiz has been taken 2,680 times
    2,544 since last reset
  • The average score is 11 of 15
Answer Stats
Shorthand Full Name % Correct
UK United Kingdom
99%
USA United States
98%
UAE United Arab Emirates
90%
NZ New Zealand
88%
DRC Democratic Republic of the Congo
87%
DR Dominican Republic
84%
CAR Central African Republic
79%
PRC China (People's Republic of China)
71%
FSM Federated States of Micronesia
71%
DPRK Democratic People's Republic of Korea
70%
PNG Papua New Guinea
68%
ROK Republic of Korea
68%
FYROM North Macedonia
50%
KSA Saudi Arabia
44%
ROC Taiwan (Republic of China)
43%
No matching quizzes found
Score Distribution
Percent of People with Each Score
Percentile by Number Answered
Your Score History
You have not taken this quiz since the last reset